Zesilovače se zpětnou vazbou

Saved in:
Bibliographic Details
Main Author: Pajgrt, Miloslav (Author)
Format: Book
Language:Czech
Published: Praha : SNTL, 1974
Edition:1. vyd.
Tags: Add Tag
No Tags, Be the first to tag this record!

MARC

LEADER 00000nam a22000003a 4500
001 stu53354
005 20150617225702.8
008 000427s1974----cs------------------cze-d
040 |a STU  |b slo 
041 0 |a cze 
044 |a cs 
080 |a 621.375.13  |7 stu_us_auth*stu10428 
100 1 |a Pajgrt, Miloslav  |4 aut 
245 1 |a Zesilovače se zpětnou vazbou 
250 |a 1. vyd. 
260 |a Praha :  |b SNTL,  |c 1974 
300 |a 161 s 
996 |b 284EK04282  |c E*33626  |l EE01  |s A  |a 24  |w stu53354_0001